Quizzes
Events
Quiz Creation
Community
Videos
Private Events
Remove Ads
Sign In
Join for FREE
Feedback
Dark Mode
Quiz Categories
Sports
Geography
Music
Movies
Television
Just For Fun
Miscellaneous
History
Literature
Language
Science
Gaming
Entertainment
Religion
Holiday
For Kids
Quiz Lab
Recent
Popular Today
Quiz Kudos Today
Editor Picks
Curator Picks
Quizzes by...
Day
Popularity
Type
Ratings
Length
Year
Community
Subscriptions
Recent Discussions
Orange Saloon
Badges
Playlists
Quests
Create
Leaderboards
Showdown
Live 5
Trivia Bingo
Activity
Puzzle Library
Sporcle Events
Private Events
Virtual Trivia
Globe League
Become a Host
Pub Owners
SporcleCon
Opinionation
Our Games
Videos
Blog
Mobile Apps
Partnerships
Remove Ads and Go Orange
Feedback
Language
Vocabulary
Begins and Ends
Definition
Spanish
French
German
Italian
Chinese
Latin
Translation
Japanese
Language
Vocabulary
Begins and Ends
Definition
Spanish
French
German
Italian
Chinese
Latin
Translation
Japanese
Random Quiz
Search Sporcle
×
Quiz Lab
Quiz Lab
Language
Speaker
Type in answers that appear in a list
Type in answers that appear in a list
Classic
Best Score? Go Orange.
100 Most Common Languages (by native speaker) Stats
Can you name the 100 Most Common Languages (by native speaker)?
By
sitodocambia
10m
100 Questions
1,073 Plays
1,073 Plays
1,073 Plays
Comments
Comments
Give Quiz Kudos
Give Quiz Kudos
-
- Ratings
hide this ad
Replay
Link that replays current quiz
Next Quiz
Link to next quiz in quiz playlist
You Got
0%
They Got
Avg Score
55%
Avg Friend Score
Upgrade to see
Score Distribution
Jump to the score distribution portion of the page
Score
0/100
Timer
10:00
0
Plays Today
% Correct
English
96.9%
Spanish
96.6%
Mandarin
95.1%
French
94.9%
Russian
94.1%
German
93.9%
Japanese
93.3%
Arabic
93%
Italian
93%
Portuguese
92.4%
Hindustani
91.8%
Swedish
89.7%
Greek
88.9%
Polish
88.4%
Korean
87.5%
Dutch
87.1%
Turkish
85.6%
Indonesian/Malay
84.8%
Romanian
84.3%
Thai
84.2%
Serbo-Croat
83.6%
Vietnamese
83.5%
Cantonese
80.5%
Hungarian
79.5%
Czech
78.9%
Persian
78.7%
Ukrainian
78.2%
Bengali
76.6%
Bulgarian
75.8%
Tagalog
74.3%
Khmer
72.9%
Tamil
72.2%
Uzbek
70.4%
Kazakh
69.9%
% Correct
Lao-Isan
69.2%
Burmese
68.9%
Punjabi
68.2%
Wu
66.7%
Armenian
65.1%
Belarusian
64.6%
Javanese
62.7%
Albanian
62.4%
Zulu
62.3%
Turkmen
60.1%
Pashto
59.5%
Nepali
58.1%
Azerbaijani
56.8%
Gujarati
56.7%
Telugu
56.1%
Amharic
55.6%
Catalan
55.1%
Taiwanese
54.1%
Marathi
52.9%
Xhosa
52.8%
Somali
51.4%
Yoruba
50.6%
Kurdish
50.3%
Kannada
50.1%
Malayalam
49.1%
Quechua
48.6%
Hausa
48.4%
Igbo
46.6%
Sinhalese
45.9%
Sindhi
45.2%
Hakka
43.5%
Assamese
42.1%
Oriya
41.9%
Sundanese
39.9%
% Correct
Xiang
39.1%
Malagasy
38.5%
Gan
36.6%
Oromo
36.5%
Cebuano
36%
Fula
35.9%
Sotho-Tswana
35%
Maithili
34%
Bhojpuri
33.6%
Uyghur
32.6%
Austro-Bavarian
31.5%
Balochi
30.2%
Shona
30.1%
Tatar-Bashkir
29.8%
Madurese
28.1%
Min Dong
27.8%
Min Bei
27.5%
Rajasthani
26.7%
Konkani
25.6%
Lombard
23.4%
Chittagonian
22.8%
Marwari
22.5%
Akan
22.3%
Chewa
18.5%
Sylheti
18.3%
Ilokano
17.6%
Batak
17.1%
Rwandarundi
17.1%
Rangpuri
16.9%
Mossi-Dagomba
14.9%
Gikuyu
9.8%
Makuwa
7.9%
Quiz Playlist
Details
Report
Send in Message
Add To Playlist
Classic:
Type in answers that appear in a list
Last Updated: Mar 5, 2017
Quiz Scoreboard
CHALLENGE
Sign Up to Join the Scoreboard
Show All
Scores
Hide
Comments
May contain spoilers
Recently Published
Movies - When Are They Set?
by FPL_Elf
Movies
5m
Popular People in 1961
by mucciniale
History
6m
1-10 Letter E Words III
by El_Dandy
Language
2m
More to Explore
Quiz From the Vault
Featured Blog Post
Where Did the Easter Bunny Come From?
hide this ad
You Might Also Like...
Tags
100
100 Most
common
Native
Speaker
Today's Top Quizzes in Language
Browse Language
hide this ad
Today's Top Quizzes in Speaker
Browse Speaker
Top Contributed Quizzes in Language
1
Order Up: Top 10 Most Native Spoken Languages
2
1-10 Letter F Words III
3
1-10 Letter G Words III
4
1-10 Letter H Words III
5
One Thing in Common: Italy
6
1-10 Letter I Words III
7
Begins and Ends With AN
8
Weisst du, aus welchen Sprachen diese Wörter stammen?
9
Hiragana Speed Reading
10
1-10 Letter J Words III
Explore More
Trending Topics
Disney
Kpop
Anime
Harry Potter
Crossword
NBA
Marvel
Soccer
WWE
Pokémon
The Office
Song
Puzzle
Country
NFL
hide this ad
More By:
sitodocambia
Quiz
Plays
Rating
Category
Featured
Created
Alive-Pearl Jam Lyrics
1,922
3.44
Music
Feb 27, 2012
Rihanna-Disturbia Lyrics
1,679
3.00
Music
Feb 25, 2012
fleetwood mac opening lyrics
1,344
4.88
Music
Feb 27, 2012
100 Most Common Languages (by native speaker)
1,073
3.17
Language
Mar 1, 2012
Juanes- La Camisa Negra Lyrics
356
3.00
Music
Feb 19, 2012
Go to Creator's Profile
Score Distribution
Quiz Creator Spotlight
sitodocambia
Follow
Send a Message
Quizzes Created
-
Created Quiz Play Count
-
More By This Creator
Popular Quizzes Today
1
Find the US States - No Outlines Minefield
2
Find the Countries of Europe - No Outlines Minefield
3
The Countries of the World
4
Popular People in 1961
5
1-10 Letter E Words III
6
US States
7
Find the US States
8
One Thing in Common: World Cities II
More Language Quizzes
KISS Songs by Definitions
Curator's Pick
Trending Quizzes
Risky Map Clicking: Least Populous States A-Z
1-10 Letter F Words
1-10 Letter G Words
One Thing in Common: United Kingdom
Risky Map Clicking: Next State Alphabetically
Recently Updated
Leaping Animals
pecheneg
Reality TV Shows (A-Z)
bhenderson79
Rickey Henderson's Hall of Fame Teammates
pecheneg
Champions League XIs: Arsenal
pecheneg
Quick Pick: Celebrities in WWE's Hall of Fame
aduchscher
A-Z Keypad Blitz II
pecheneg
Multiple Oscar Actors
pecheneg
Mystery Phrase Blitz: Oscar 'Best Actors'
pecheneg
F. Scott Fitzgerald Novels
LTH
Pick 3 Villains
ddd62291
Trending Topics
Anime
Crossword
Marvel
Kpop
NBA
Harry Potter
Disney
WWE
The Office
Puzzle
Soccer
Pokémon
Country
Song
NFL
Your Account Isn't Verified!
In order to create a playlist on Sporcle, you need to verify the email address you used during registration. Go to your
Sporcle Settings
to finish the process.
Report this User
Report this user for behavior that violates our
Community Guidelines
.
Details:
Send Report
Go to the Sporcle.com Mobile Site →
Comments